Prarambhik shiksha monobigyan aru parisankhya (Record no. 2038)

MARC details
000 -LEADER
fixed length control field 00526cam a2200193ua 4500
001 - CONTROL NUMBER
control field 2172
005 - DATE AND TIME OF LATEST TRANSACTION
control field 20260515113444.0
008 - FIXED-LENGTH DATA ELEMENTS--GENERAL INFORMATION
fixed length control field 110804n ii |||gr||||Z||||||asm
040 ## - CATALOGING SOURCE
Transcribing agency MAIN
082 ## - DEWEY DECIMAL CLASSIFICATION NUMBER
Classification number 370.15
100 ## - MAIN ENTRY--PERSONAL NAME
Personal name Baruah, Jatin,
Relator term Author.
245 1# - TITLE STATEMENT
Title Prarambhik shiksha monobigyan aru parisankhya
Statement of responsibility, etc. by Jatin Baruah
250 ## - EDITION STATEMENT
Edition statement 6th.
260 ## - PUBLICATION, DISTRIBUTION, ETC.
Place of publication, distribution, etc. Guahati:
Name of publisher, distributor, etc. Lawyers book stall,995.
300 ## - PHYSICAL DESCRIPTION
Extent 250p:
Other physical details ill;
Dimensions 23cm.
653 ## - INDEX TERM--UNCONTROLLED
Uncontrolled term Education
653 ## - INDEX TERM--UNCONTROLLED
Uncontrolled term Prarambhik shiksha monobigyan aru parisankhya
942 ## - ADDED ENTRY ELEMENTS (KOHA)
Koha item type Books
Holdings
Withdrawn status Lost status Damaged status Not for loan Home library Current library Shelving location Date acquired Total checkouts Full call number Barcode Date last seen Copy number Price effective from Koha item type
        Naharkatiya College Library Naharkatiya College Library General stacks 09/19/2020   370.15 | BAR 11526 09/19/2020 1 09/19/2020 Books